Stati per produzione di mais - Statistics

Statistiche generali
  • Questo quiz è stato fatto 11 volte
  • Il punteggio medio è 13 su 15
Statistiche sulle risposte
Continente Produzione (tonnellate) Stato % Corretto
America del Sud 39 792 854 Argentina
100%
America del Sud 64 143 414 Brasile
100%
Asia 231 837 497 Cina
100%
Africa 8 001 411 Egitto
100%
Europa 12 131 249 Francia
100%
Asia 26 260 000 India
100%
America del Nord 28 580 783 Messico
100%
America del Nord 384 777 890 Stati Uniti
100%
Europa 28 074 610 Ucraina
100%
America del Nord 12 349 400 Canada
88%
Asia / Europa 15 309 813 Russia
88%
Asia 20 369 551 Indonesia
75%
Europa 10 746 387 Romania
75%
Africa 10 414 012 Nigeria
50%
Africa 7 847 175 Etiopia
38%
Nessun quiz corrispondente trovato
Distribuzione punteggi
Percentuale di utenti per punteggio
Percentile per numero di risposta
I tuoi punteggi nel tempo
Non hai fatto questo quiz